Cities in the U.S. that start with "San" or "Santa" - Statistics

General Stats
  • This quiz has been taken 94 times
  • The average score is 10 of 18
Answer Stats
Population State Cities % Correct
1.5M Texas San Antonio
98%
1.4M California San Diego
96%
880k California San Francisco
96%
1.0M California San Jose
91%
85k New Mexico Santa Fe
85%
333k California Santa Ana
75%
91k California Santa Barbara
68%
214k California San Bernardino
67%
132k California Santa Clara
49%
88k California Santa Monica
49%
211k California Santa Clarita
46%
107k California Santa Maria
44%
176k California Santa Rosa
40%
103k California San Mateo
33%
102k Texas San Angelo
22%
97k California San Marcos
20%
87k California San Leandro
14%
96k Arizona San Tan Valley
7%
No matching quizzes found
Score Distribution
Percent of People with Each Score
Percentile by Number Answered
Your Score History
You have not taken this quiz